Definición de los ecosistemas estratégicos en jurisdicción de la Corporación Autónoma Regional de Cundinamarca-CAR (Registro nro. 6551)

Detalles MARC
000 -CABECERA
Campo de control 01212nam a2200265 a 4500
005 - FECHA Y HORA DE LA ULTIMA TRANSACCION
Campo de control 20150521020002.0
008 - ELEMENTOS DE LONGITUD FIJA—INFORMACION GENERAL
Campo de control 140129b2006 ck ||||| |||| 00| 0 spa d
040 ## - FUENTE DE CATALOGACIÓN
Agencia transcriptora CO-BoIH
041 ## - IDIOMA
Código de idioma para texto/pista de sonido o título separado Español
044 ## - PAÍS DE PUBLICACIÓN
País de publicación Colombia
090 ## - CLASIFICACIÓN LOCAL
Colección IAVH
Consecutivo 00962
100 ## - ASIENTO PRINCIPAL--NOMBRE PERSONAL
Nombre personal Murtinho Espinosa, Felipe
245 ## - MENCION DE TITULO
Título Definición de los ecosistemas estratégicos en jurisdicción de la Corporación Autónoma Regional de Cundinamarca-CAR
Parte restante del título Primera parte
260 ## - PUBLICACION, DISTRIBUCION, ETC. (PIE DE IMPRENTA)
Lugar de publicación, distribución, etc. Bogotá
Nombre del editor, distribuidor, etc. Instituto Alexander von Humboldt
Fecha de publicación, distribución, etc. 2006
300 ## - DESCRIPCION FISICA
Extensión 44 p.
520 ## - NOTA DE RESUMEN, ETC.
Nota de resumen Este documento se organiza en cinco capítulos: 1) describe el área de estudio; 2) el marco conceptual y metodológico para adelantar la investigación; 3) la clasificación de los biomas según sus bienes y servicios ambientales; 4) la definición de las áreas estratégicas de la CAR; 5) las conclusiones y recomendaciones del proceso
650 ## - ASIENTO SECUNDARIO DE MATERIA - TERMINO TEMATICO
Término temático o nombre geográfico como elemento de entrada Ecosistemas estratégicos
650 ## - ASIENTO SECUNDARIO DE MATERIA - TERMINO TEMATICO
Término temático o nombre geográfico como elemento de entrada CAR
650 ## - ASIENTO SECUNDARIO DE MATERIA - TERMINO TEMATICO
Término temático o nombre geográfico como elemento de entrada Bienes y servicios ambientales
700 ## - ASIENTO SECUNDARIO - NOMBRE PERSONAL
Nombre personal Moreno Díaz, Carlos Alberto
700 ## - ASIENTO SECUNDARIO - NOMBRE PERSONAL
Nombre personal Fernández Muñoz, María Adelaida
700 ## - ASIENTO SECUNDARIO - NOMBRE PERSONAL
Nombre personal Borda Almanza, Carlos Andrés
942 ## - ELEMENTOS ADICIONALES (KOHA)
Tipo de ítem Informe Técnico
Sistema de clasificación Local
Koha issues (borrowed), all copies 1
945 ## - PROCESAMIENTO LOCAL
AAAA-MM-DD - Fecha de ingreso o modificacion 2008-09-09
Existencias
Withdrawn status Lost status Sistema de Clasificación Damaged status No para préstamo Colección Inventariado Ubicación Permanente Ubicación actual Fecha de adquisición Total Checkouts Número topográfico Inventario / Código de Barras Date last seen Date checked out Ejemplar Price effective from Forma de adquisición Tipo de material
    Local     Humboldt Inventariado 2017 Bogotá Bogotá 09/09/2008 1 IAVH-00962 026369 09/08/2024 20/05/2015 Ej. 1 04/12/2012   Informe Técnico